| 000 | 00835cam a2200205 4500 | ||
|---|---|---|---|
| 001 | WS125658 | ||
| 008 | 040329n 000 0 eng u | ||
| 035 | _a(Sirsi) u125658 | ||
| 110 |
_aBrick Development Association _93278 |
||
| 245 | _aBrick Development Association | ||
| 520 | _aWeb site for this organisation representing UK and Irish manufacturers of clay bricks and pavers. Includes details of innovation in brick work, details of technical publications, codes and standards, details of their awards plus links to their journal 'The Brick Bulletin'. | ||
| 650 | _aORGANISATION | ||
| 650 | _aBRICKS | ||
| 650 | _aPAVING | ||
| 650 | _aAWARDS | ||
| 650 | _aSTANDARDS | ||
| 690 | _aBUILT ENVIRONMENT-BUILDING MATERIALS | ||
| 856 | 4 | 0 |
_uhttps://brick.org.uk _zView the website free of charge at www.brick.org.uk... |
| 942 | _n0 | ||
| 999 |
_c120436 _d120436 |
||